3-Letter Scrabble Words that start with "E" - Statistics

General Stats
  • This quiz has been taken 968 times
  • The average score is 20 of 40
Answer Stats
Answer % Correct
eat
94%
ear
92%
egg
80%
eel
79%
ewe
74%
eye
73%
ebb
71%
end
70%
elm
65%
ell
64%
elk
63%
eve
62%
ere
58%
elf
57%
err
56%
ego
50%
era
50%
emu
48%
eek
47%
eon
44%
eff
43%
eau
42%
els
41%
ess
41%
ens
39%
erg
39%
ern
39%
eta
39%
eft
38%
eke
38%
ems
36%
ers
36%
eds
33%
eld
32%
eme
31%
eng
28%
efs
26%
ecu
22%
eth
20%
edh
13%
No matching quizzes found
Score Distribution
Percent of People with Each Score
Percentile by Number Answered
Your Score History
You have not taken this quiz